Statistics for South Park - My Safe Space - Lyrics

Click here to take the quiz!

General Stats

  • This quiz has been taken 17 times
  • The average score is 116 of 218

Answer Stats

Answer% Correct
I
100%
my
100%
safe
100%
space
100%
a
92%
Nooooo!
92%
do
85%
in
85%
no
85%
You
85%
you
85%
and
77%
me
77%
we
77%
We
77%
I'm
69%
not
69%
Who
69%
all
62%
is
62%
it
54%
will
54%
won't
54%
am
46%
but
46%
can
46%
don't
46%
here
46%
like
46%
to
46%
are
38%
can't
38%
down
38%
say
38%
that
38%
that?
38%
what?
38%
with
38%
your
38%
around
31%
Everyone
31%
if
31%
nice
31%
out
31%
people
31%
reality!
31%
reality
31%
support
31%
there
31%
things
31%
allowed
23%
bully
23%
Bully
23%
by
23%
demi
23%
doors
23%
great
23%
likes
23%
might
23%
mixed
23%
more
23%
name
23%
nothing
23%
our
23%
proof
23%
thinks
23%
troll
23%
windows
23%
without
23%
brick
15%
call
15%
cannot
15%
from
15%
hate
15%
him!
15%
him
15%
judge
15%
kindness
15%
pussy
15%
see
15%
shame
15%
tear
15%
you'll
15%
almost
8%
anything
8%
cold
8%
croud
8%
glee
8%
going
8%
hard
8%
haters
8%
I'll
8%
keep
8%
lives
8%
look
8%
of
8%
Oh
8%
rainbows
8%
ruin
8%
select
8%
smash
8%
stop
8%
there's
8%
very
8%
care
0%
face
0%
getting
0%
inside
0%
rat!
0%
somebody
0%
take
0%

Score Distribution

Percentile by Number Answered

Percent of People with Each Score

Your Score History

You have not taken this quiz